Využitie systému plánovania pre potreby finančného riadenia holdingových zoskupení

Význam plánovania pre potreby finančného riadenia holdingových zoskupení. Typológia cieľov v podnikaní. Obsah cieľov. Ciele a časový horizont. Kritériá vyjadrujúce prínos činnosti k stanoveným cieľom vo vymedzenom období. Moderné kritériá merania výkonnosti podniku. Organizácia plánovania. Systém po...

ver descrição completa

Na minha lista:
Detalhes bibliográficos
Autor principal: Tóthová, Alena, 1968-
Formato: Capítulo de Livro
Idioma:eslovaco
Assuntos:
Tags: Adicionar Tag
Sem tags, seja o primeiro a adicionar uma tag!

MARC

LEADER 00000naa$a2200000$$$4500
001 0116423
005 20240502072310.4
041 0 |a slo 
044 |a SK 
245 1 0 |a Využitie systému plánovania pre potreby finančného riadenia holdingových zoskupení  |c Alena Tóthová 
520 |a Význam plánovania pre potreby finančného riadenia holdingových zoskupení. Typológia cieľov v podnikaní. Obsah cieľov. Ciele a časový horizont. Kritériá vyjadrujúce prínos činnosti k stanoveným cieľom vo vymedzenom období. Moderné kritériá merania výkonnosti podniku. Organizácia plánovania. Systém podnikových plánov. Úloha kontrolingu. 
610 2 0 |a plánovanie strategické 
610 2 0 |a plán finančný 
610 2 0 |a plán podnikový 
610 2 0 |a kontroling 
610 2 0 |a riadenie finančné 
610 2 0 |a rentabilita 
610 2 0 |a holding 
100 1 |a Tóthová, Alena, 1968-